| 000 | 00986nas a2200289 4500 | ||
|---|---|---|---|
| 001 | BR2011006999 | ||
| 003 | BR-BrBNA | ||
| 005 | 20231205115744.0 | ||
| 007 | ta | ||
| 008 | 230509b bl.|||p| |||| 00| 00por d | ||
| 040 |
_aBR-BrBNA _bpor _cBiblioteca Nacional de Agricultura |
||
| 041 | _a(Pt) | ||
| 072 | _aN20; F04 | ||
| 100 | 1 | _aJohann, A.L. | |
| 100 | 1 | _aRusso, E. | |
| 100 | 1 | _aCappelli, N.L. | |
| 100 | 1 | _aUmezu, C.K. | |
| 245 | 1 | _aDesenvolvimento e avaliação de uma servoválvula de baixo custo para a aplicação de insumos líquidos | |
| 650 | _aAGRICULTURA DE PRECISÃO | ||
| 650 | _aFERTILIZANTE | ||
| 650 | _aPRESSÃO | ||
| 650 | _aPROGRAMA DE COMPUTADOR | ||
| 773 | 0 |
_tEngenharia Agrícola (Brazil) _xISSN 1808-4389 _g(Jan-Apr 2006), v. 26(1) p. 142-150 _wBR2011006999 |
|
| 856 | 4 | 0 | _uhttp://www.scielo.br/scielo.php?script=sci_arttext pid=S0100-69162006000100016 lng=pt nrm=iso tlng=pt |
| 909 |
_a202311 _bLúcia _c55 _dLúcia Elande |
||
| 942 |
_2AGRIS _n0 _cANA |
||
| 999 |
_c215538 _d215538 |
||